000 00391nam a22001337a 4500
999 _c534522
_d534522
022 _a2073-0969
082 _aVol-
100 _aJEMS.
_928714
245 _aJournal of Economics and Management Sciences /
_cDepartment of Economics.
260 _aSargodha:
_bUniversity of Sargodha,
300 _c24cm.
650 _aEconomics - Journals, Management Sciences - Journals.
_928712
942 _cCR